000 00717nam a2200217Ia 4500
003 GCL
008 140319s9999 xx 000 0 ara d
040 _aGCL /
_cGCL
082 0 4 _a320.531
_bع ت
100 1 _aعلى الدين هلال
245 1 0 _aالتجديد فى الفكر السياسى المصرى الحديث اصول الفكر الاشتراكية ( 1882 - 1922 ) /
_cعلى الدين هلال
260 _a[S.N] :
_bمعهد البحوث والدراسات العربية ،
_c1975
300 _a202
490 _a
650 0 4 _aالعصر الحديث
650 0 4 _aمصر
650 0 4 _aتاريخ
650 0 4 _aالاشتراكية
650 0 4 _aالعلمانية
942 _2ddc
_cBK
999 _c34958
_d34958